000 00301nam a22001337a 4500
008 181017b xxu||||| |||| 00| 0 eng d
020 _a0165436570
041 _aeng
080 _26 ed
_a159.9
100 _a49
101 _aPSI
245 _aIntroduction Psychology
_cHilgard.e.r
942 _2udc
_cBK
999 _c50005
_d50005